[Event "Miquel Mas op 20th"]
[Site "Castell de Sant Ferran"]
[Date "2019.08.18"]
[Round "7"]
[White "Claret, Franck"]
[Black "Farre I Benseny, Miquel"]
[Result "1-0"]
[WhiteElo "1939"]
[BlackElo "1822"]
[PlyCount "45"]
[EventDate "2019.08.13"]
[EventType "swiss"]
[EventRounds "9"]
[EventCountry "ESP"]
[SourceTitle "EXT 2020"]
[Source "ChessBase"]
[SourceDate "2019.10.17"]
[SourceVersion "1"]
[SourceVersionDate "2019.10.17"]
[SourceQuality "1"]

1. Nf3 d5 2. c4 d4 3. e3 Nc6 4. Nxd4 Nxd4 5. exd4 Qxd4 6. Nc3 e5 7. d3 Ne7 8. Be3 Qd8 9. Qe2 Nf5 10. d4 exd4 11. Bxd4+ Be6 12. Be5 c6 13. Rd1 Qa5 14. g4 Nh6 15. Bh3 Bxc4 16. Qe4 Bd5 17. Qe3 Kd8 18. 0-0 f6 19. Bf4 Be7 20. Rfe1 Re8 21. Qe6 g5 22. Nxd5 gxf4 23. Nxf6+ 1-0

[Event "Figueres op-B 18th"]
[Site "Figueres"]
[Date "2017.08.16"]
[Round "8"]
[White "Claret, Franck"]
[Black "Van Decraen, Roger"]
[Result "1/2-1/2"]
[WhiteElo "1925"]
[BlackElo "1752"]
[PlyCount "47"]
[EventDate "2017.08.10"]
[EventType "swiss"]
[EventRounds "9"]
[EventCountry "ESP"]
[SourceTitle "EXT 2019"]
[Source "ChessBase"]
[SourceDate "2018.10.10"]
[SourceVersion "1"]
[SourceVersionDate "2018.10.10"]
[SourceQuality "1"]

1. Nf3 Nf6 2. c4 e6 3. g3 b6 4. Bg2 Bb7 5. 0-0 Be7 6. d4 d5 7. b3 0-0 8. Nc3 c5 9. cxd5 exd5 10. Bf4 Nc6 11. Rc1 Rc8 12. Bh3 Ra8 13. Bg5 Re8 14. Bxf6 Bxf6 15. dxc5 d4 16. Nb5 bxc5 17. Rxc5 Qb6 18. Qc2 Rxe2 19. Qxe2 Qxc5 20. Qc4 Qxc4 21. bxc4 Rd8 22. Rd1 a6 23. Nc7 Ne5 24. Nxd4 1/2-1/2

[Event "Figueres op-B 17th"]
[Site "Figueres"]
[Date "2016.08.16"]
[Round "7"]
[White "Claret, Franck"]
[Black "Camos Ramio, Miguel"]
[Result "1-0"]
[WhiteElo "1923"]
[BlackElo "1931"]
[PlyCount "59"]
[EventDate "2016.08.11"]
[EventType "swiss"]
[EventRounds "9"]
[EventCountry "ESP"]
[SourceTitle "EXT 2017"]
[Source "ChessBase"]
[SourceDate "2016.10.25"]
[SourceVersion "1"]
[SourceVersionDate "2016.10.25"]
[SourceQuality "1"]

1. Nf3 d5 2. c4 e6 3. g3 Nf6 4. Bg2 Be7 5. 0-0 0-0 6. d4 dxc4 7. Ne5 Nbd7 8. Nxc4 c6 9. Nc3 Nb6 10. Ne5 Nfd7 11. Nxd7 Bxd7 12. e4 f5 13. Qb3 Kh8 14. Bf4 Bg5 15. Bd6 Be7 16. Bc5 f4 17. Rad1 Qe8 18. Bxb6 axb6 19. Qxb6 f3 20. Bh1 Rf6 21. Rd3 Qh5 22. Qxb7 Rd8 23. Qc7 Rh6 24. h4 Bxh4 25. Bxf3 Qg6 26. Bg2 Bf6 27. Rfd1 Bc8 28. e5 Bg5 29. f4 Qh5 30. fxg5 1-0

[Event "Figueres op-B 13th"]
[Site "Figueres"]
[Date "2012.08.15"]
[Round "8"]
[White "Claret, Franck"]
[Black "Garriga Sanchez, Josep"]
[Result "1-0"]
[WhiteElo "1926"]
[BlackElo "1833"]
[PlyCount "117"]
[EventDate "2012.08.09"]
[EventType "swiss"]
[EventRounds "9"]
[EventCountry "ESP"]
[SourceTitle "EXT 2017"]
[Source "ChessBase"]
[SourceDate "2016.10.25"]
[SourceVersion "1"]
[SourceVersionDate "2016.10.25"]
[SourceQuality "1"]

1. Nf3 c5 2. c4 e6 3. g3 d5 4. cxd5 exd5 5. d4 Nc6 6. Bg2 c4 7. 0-0 g6 8. Re1 f5 9. Ne5 Bg7 10. Nxc6 bxc6 11. b3 cxb3 12. axb3 Ne7 13. Ba3 0-0 14. Bc5 Qc7 15. Qc2 Re8 16. Rc1 Bd7 17. Bxe7 Rxe7 18. Bxd5+ Kh8 19. e3 Qd6 20. Bxc6 Rc8 21. Ra6 Be6 22. Qc5 Qd8 23. b4 Rcc7 24. Nd2 Bc8 25. Ra3 Bb7 26. b5 a6 27. Rac3 axb5 28. Qxb5 Bxc6 29. Rxc6 Rxc6 30. Qxc6 Re8 31. Nf3 Qe7 32. d5 Rd8 33. Qe6 Qb7 34. Ng5 Rf8 35. Qc6 Qe7 36. Ne6 Re8 37. Qc7 h6 38. Qxe7 Rxe7 39. Rc7 Bf6 40. Rxe7 Bxe7 41. f3 Kg8 42. e4 Kf7 43. Kf2 Kf6 44. Ke3 Ke5 45. f4+ Kd6 46. Kd4 fxe4 47. Kxe4 Bf6 48. Nf8 g5 49. Nh7 Bd8 50. fxg5 hxg5 51. Kf5 Kxd5 52. Nxg5 Bc7 53. Nf3 Kd6 54. g4 Ke7 55. Kg6 Kf8 56. h4 Kg8 57. h5 Ba5 58. h6 Bc3 59. h7+ 1-0

[Event "Figueres op-B 13th"]
[Site "Figueres"]
[Date "2012.08.10"]
[Round "2"]
[White "Claret, Franck"]
[Black "Rebole Arbea, Pedro Maria"]
[Result "1-0"]
[WhiteElo "1926"]
[BlackElo "1717"]
[PlyCount "73"]
[EventDate "2012.08.09"]
[EventType "swiss"]
[EventRounds "9"]
[EventCountry "ESP"]
[SourceTitle "EXT 2017"]
[Source "ChessBase"]
[SourceDate "2016.10.25"]
[SourceVersion "1"]
[SourceVersionDate "2016.10.25"]
[SourceQuality "1"]

1. Nf3 d5 2. c4 e6 3. g3 c6 4. Bg2 Bd6 5. d4 f5 6. Qc2 Nf6 7. 0-0 0-0 8. Nbd2 Nbd7 9. b3 Ne4 10. Ne1 Ndf6 11. f3 Nxd2 12. Bxd2 Qe7 13. Nd3 e5 14. Nxe5 Bxe5 15. dxe5 Qxe5 16. Bf4 Qd4+ 17. e3 Qc5 18. Rac1 d4 19. exd4 Qxd4+ 20. Kh1 Nh5 21. Rcd1 Qf6 22. Bd6 Rd8 23. c5 Be6 24. Rfe1 Re8 25. f4 Qh6 26. Rd3 Nf6 27. Bf3 Bd5 28. Re5 Ne4 29. Kg2 Nxd6 30. Bxd5+ cxd5 31. cxd6 Rac8 32. Rxe8+ Rxe8 33. d7 Rd8 34. Qc8 Qf6 35. Re3 Qb2+ 36. Kh3 Qf2 37. Qxd8+ 1-0

[Event "Narbonne op 10th"]
[Site "Narbonne"]
[Date "2008.??.??"]
[Round "3"]
[White "Claret, Franck"]
[Black "Flear, Glenn C"]
[Result "0-1"]
[WhiteElo "1990"]
[BlackElo "2508"]
[PlyCount "142"]
[EventDate "2008.05.08"]
[EventType "swiss"]
[EventRounds "7"]
[EventCountry "FRA"]
[SourceTitle "CBM 124 Extra"]
[Source "ChessBase"]
[SourceDate "2008.07.03"]
[SourceVersion "1"]
[SourceVersionDate "2008.07.03"]
[SourceQuality "1"]

1. Nf3 d5 2. c4 d4 3. e3 Nc6 4. Nxd4 Nxd4 5. exd4 Qxd4 6. Nc3 c6 7. d3 Nh6 8. Be3 Qd7 9. d4 Nf5 10. Qd2 g6 11. Be2 Bg7 12. Bg4 0-0 13. 0-0 Rd8 14. Rfe1 Qc7 15. Bxf5 Bxf5 16. Rad1 Be6 17. Qe2 Qa5 18. a3 Qa6 19. Bg5 Qxc4 20. Qxc4 Bxc4 21. Rxe7 Ba6 22. Be3 Bf8 23. Re4 Bc4 24. Bg5 Rd7 25. Rde1 Be6 26. h3 Bg7 27. Ne2 h6 28. Bh4 Bc4 29. Nc3 g5 30. Bg3 Bxd4 31. h4 Be6 32. hxg5 hxg5 33. Be5 Rad8 34. Bxd4 Rxd4 35. Rxd4 Rxd4 36. Ne4 Bd5 37. Nf6+ Kg7 38. Nxd5 Rxd5 39. Re7 Rb5 40. b4 Kf6 41. Rc7 Ke6 42. Kf1 a5 43. bxa5 Rxa5 44. Rxb7 Rxa3 45. Rc7 Rc3 46. Ke2 Rc2+ 47. Ke3 f6 48. g3 Kf5 49. f3 Rc3+ 50. Kf2 Ke5 51. Re7+ Kd6 52. Rf7 Ke6 53. Rc7 Rc5 54. Ke3 Re5+ 55. Kf2 Kd6 56. Rc8 Re6 57. g4 Kd5 58. Ra8 c5 59. Rc8 Kd4 60. Rd8+ Kc3 61. f4 gxf4 62. Kf3 c4 63. Kxf4 Rb6 64. Kf5 Kb3 65. Rf8 c3 66. Rxf6 Rxf6+ 67. Kxf6 c2 68. g5 c1Q 69. g6 Qf4+ 70. Ke7 Qg5+ 71. Kf7 Qf5+ 0-1